000 01293cam a22002174a 4500
005 20250605164216.0
008 250528s ||||||||||||||||||||||||d
035 _a20464
020 _a155826042
040 _aGR-AtMCL
_bgre
_dGR-AtMCL
_eAACR2
245 1 _aSound and Sense / An Introduction to Poetry
250 _a5th
260 _bHarcourt Brace Jovanovich, Publishers,
_c1977
300 _a378
505 0 _aPreface, The Elements of Poetry, What is Poetry, Reading the Poem, Denotiation and Connotation, Imagery, Figurative Language 1: Metaphor and Personification and Metonymy, Figurative Language 2: Symbol and Allegory, Allusion, Meaning and Idea, Tone, Musical Devices, Rhythm and Meter, Sound and Meaning, Pattern, Bad Poetry and Good, Good Poetry and Great, Poems for Further Reading.
520 _aPreface, The Elements of Poetry, What is Poetry, Reading the Poem, Denotiation and Connotation, Imagery, Figurative Language 1: Metaphor and Personification and Metonymy, Figurative Language 2: Symbol and Allegory, Allusion, Meaning and Idea, Tone, Musical Devices, Rhythm and Meter, Sound and Meaning, Pattern, Bad Poetry and Good, Good Poetry and Great, Poems for Further Reading.
700 1 _aPerrine Laurence
_96442
942 _cBK
999 _c5568
_d5568